Normal view
MARC view
- Computer Software Engineering-Aspect Oriented Design
Entry Topical Term
001 - CONTROL NUMBER
- control field: 35210
003 - CONTROL NUMBER IDENTIFIER
- control field: NUST
005 - DATE AND TIME OF LATEST TRANSACTION
- control field: 20201112142913.0
008 - FIXED-LENGTH DATA ELEMENTS
- fixed length control field: 201112|| aca||aabn | a|a d
040 ## - CATALOGING SOURCE
- Original cataloging agency: NUST
- Transcribing agency: NUST
150 ## - HEADING--TOPICAL TERM
- Topical term or geographic name entry element: Computer Software Engineering-Aspect Oriented Design
670 ## - SOURCE DATA FOUND
- Source citation: Work cat.: (NUST): Ahmed, Naveen 35209, Aspect Oriented Design for Data Driven Projects /, 2013
